00170nam a2200061Ia 4500245003100000100003600031008004100067 0aBloeisel vir die bedrieer  a HEINE, Mike Pretoria, 1992 210825s9999 xx 000 0 und d